000 00577nam a2200253Ia 4500
005 20260330155114.0
008 008 300114s9999 xx 000 0 eng d
020 _a9781509540587
037 _aEBOOK
040 _aCRL
040 _beng
040 _cCRL
041 _2eng
041 _aeng
084 _qCRL
245 0 _aWhat is Early Modern History?
260 _bWiley
260 _c2021
650 _aHistory
856 _uhttps://wileysgp.ipublishcentral.net/product-details/261483
942 _cEBOOK
999 _c1843953
_d1843953